[Event "MCR_KT08"]
[Site "?"]
[Date "2005.??.??"]
[Round "?"]
[White "Kudr, Roman"]
[Black "Pipek, Jan"]
[Result "1-0"]
[WhiteElo "1987"]
[BlackElo "1600"]
[PlyCount "68"]
[EventDate "2005.??.??"]
[EventType "corr"]
[EventRounds "2"]
[SourceDate "2005.10.20"]

1. d4 d5 2. Nf3 c6 3. e3 e6 4. c4 Nf6 5. b3 Bb4+ 6. Bd2 Bxd2+ 7. Nbxd2 O-O 8.
Qc2 Qb6 9. Bd3 Na6 10. a3 Qa5 11. O-O Qc7 12. cxd5 cxd5 13. Qxc7 Nxc7 14. Rfc1
Nce8 15. Rc2 Nd6 16. Ne5 Rd8 17. Rac1 Bd7 18. Rc7 Rac8 19. R1c2 Be8 20. a4 Rxc7
21. Rxc7 Rc8 22. Rxc8 Nxc8 23. g4 h6 24. h4 Ne7 25. Kg2 Nd7 26. Nxd7 Bxd7 27.
f4 a6 28. Nf3 Nc6 29. Ne5 Nxe5 30. fxe5 b5 31. g5 Bc6 32. Kf3 Bb7 33. Kf4 f6
34. Bg6 Bc6 1-0

[Event "MCR_KT08"]
[Site "?"]
[Date "2005.??.??"]
[Round "?"]
[White "Benes, Jiri"]
[Black "Lanca, Leo"]
[Result "1-0"]
[WhiteElo "1699"]
[BlackElo "1600"]
[PlyCount "55"]
[EventDate "2005.??.??"]
[EventType "corr"]
[EventRounds "2"]
[SourceDate "2005.10.20"]

1. d4 d5 2. Nf3 Nf6 3. e3 e6 4. Bd3 Bd6 5. O-O O-O 6. Nbd2 b6 7. Qe2 Bb7 8. Ne5
Nbd7 9. f4 Ne4 10. Nxd7 Qxd7 11. Nxe4 dxe4 12. Bc4 f5 13. Bd2 Rf6 14. a3 Rg6
15. Kf2 Qe7 16. g3 Rh6 17. Rh1 Qf7 18. Rag1 Rg6 19. h3 Rf6 20. g4 fxg4 21. hxg4
g5 22. Kg3 gxf4+ 23. exf4 e3 24. Bxe3 Bxh1 25. Rxh1 Qg7 26. Bd2 Raf8 27. Bxe6+
Kh8 28. Kg2 1-0

[Event "MCR_KT08"]
[Site "?"]
[Date "2005.??.??"]
[Round "?"]
[White "Vins, Karel"]
[Black "Krizek, Alex"]
[Result "1/2-1/2"]
[WhiteElo "1621"]
[BlackElo "1600"]
[PlyCount "46"]
[EventDate "2005.??.??"]
[EventType "corr"]
[EventRounds "2"]
[SourceDate "2005.10.20"]

1. d4 d5 2. g3 c6 3. Bg2 Nf6 4. e3 g6 5. c3 Bg7 6. Ne2 O-O 7. Nd2 Re8 8. f4 Ng4
9. Nf3 Bf5 10. h3 Nf6 11. g4 Be4 12. Ng3 Bxf3 13. Bxf3 e6 14. g5 Nfd7 15. b4 f5
16. Kf2 Nb6 17. h4 Kf7 18. a4 Nc4 19. Nf1 b5 20. Nd2 Nxd2 21. Bxd2 a6 22. a5
Qc7 23. Qe2 Rh8 1/2-1/2

[Event "MCR_KT08"]
[Site "?"]
[Date "2005.??.??"]
[Round "?"]
[White "Pipek, Jan"]
[Black "Krizek, Alex"]
[Result "1/2-1/2"]
[WhiteElo "1600"]
[BlackElo "1600"]
[PlyCount "45"]
[EventDate "2005.??.??"]
[EventType "corr"]
[EventRounds "2"]
[SourceDate "2005.10.20"]

1. e4 c5 2. Nf3 Nc6 3. d4 cxd4 4. Nxd4 Nf6 5. Nc3 e5 6. Nxc6 bxc6 7. Be3 Bb4 8.
Qd3 O-O 9. Qc4 a5 10. a3 Ba6 11. Qb3 Bxc3+ 12. Qxc3 Bxf1 13. Rxf1 Nxe4 14. Qxe5
Re8 15. Qf4 Qf6 16. Qxf6 Nxf6 17. Kd2 Re6 18. Rfe1 Rd6+ 19. Ke2 Re8 20. Kf1
Rde6 21. Bb6 a4 22. Rxe6 Rxe6 23. b3 1/2-1/2

[Event "MCR_KT08"]
[Site "?"]
[Date "2005.??.??"]
[Round "?"]
[White "Lanca, Leo"]
[Black "Vins, Karel"]
[Result "0-1"]
[WhiteElo "1600"]
[BlackElo "1621"]
[PlyCount "78"]
[EventDate "2005.??.??"]
[EventType "corr"]
[EventRounds "2"]
[SourceDate "2005.10.20"]

1. b3 d5 2. d4 g6 3. e3 Bg7 4. Nf3 e6 5. Bb2 b6 6. Ne5 Bb7 7. Nc3 c6 8. Na4 Nd7
9. Nxd7 Qxd7 10. Bd3 Ne7 11. Qe2 f5 12. Ba6 O-O 13. O-O-O Bxa6 14. Qxa6 Rfc8
15. Ba3 Bf8 16. Kb1 h5 17. f3 Kf7 18. h3 Ng8 19. Bxf8 Kxf8 20. Rde1 Nf6 21.
Rhf1 Kf7 22. g4 Kg7 23. gxh5 Nxh5 24. Rf2 Qe7 25. e4 Nf4 26. Qf1 Qf6 27. exf5
exf5 28. Rh2 Re8 29. c3 Rh8 30. Nb2 Rae8 31. Rxe8 Rxe8 32. Nd3 Nxd3 33. Qxd3 b5
34. Rh1 Qh4 35. Qd2 Qg3 36. h4 Qxf3 37. Rg1 Qe4+ 38. Kc1 Qxh4 39. Rf1 Qh6 0-1

[Event "MCR_KT08"]
[Site "?"]
[Date "2005.??.??"]
[Round "?"]
[White "Kudr, Roman"]
[Black "Benes, Jiri"]
[Result "1-0"]
[WhiteElo "1987"]
[BlackElo "1699"]
[PlyCount "47"]
[EventDate "2005.??.??"]
[EventType "corr"]
[EventRounds "2"]
[SourceDate "2005.10.20"]

1. d4 g6 2. c4 Nf6 3. Nc3 Bg7 4. e4 d6 5. f3 O-O 6. Be3 Nc6 7. Nge2 a6 8. Qd2
Rb8 9. Ng3 e6 10. Bd3 Ne8 11. Nge2 Ne7 12. O-O c6 13. c5 dxc5 14. dxc5 e5 15.
Rad1 Be6 16. f4 Qc7 17. f5 gxf5 18. exf5 Bd7 19. Bh6 f6 20. Bc4+ Kh8 21. Bxg7+
Nxg7 22. Qxd7 Qxd7 23. Rxd7 Nexf5 24. Rf3 1-0

[Event "MCR_KT08"]
[Site "?"]
[Date "2005.??.??"]
[Round "?"]
[White "Benes, Jiri"]
[Black "Pipek, Jan"]
[Result "1/2-1/2"]
[WhiteElo "1699"]
[BlackElo "1600"]
[PlyCount "34"]
[EventDate "2005.??.??"]
[EventType "corr"]
[EventRounds "2"]
[SourceDate "2005.10.20"]

1. d4 d5 2. Nf3 c6 3. e3 e6 4. Bd3 Nf6 5. Nbd2 Bd6 6. c3 Qc7 7. Qe2 O-O 8. e4
dxe4 9. Nxe4 Nxe4 10. Qxe4 f5 11. Qh4 c5 12. g4 Qc6 13. gxf5 Qxf3 14. Be4 Be7
15. f6 Qxf6 16. Qxh7+ Kf7 17. O-O Ke8 1/2-1/2

[Event "MCR_KT08"]
[Site "?"]
[Date "2005.??.??"]
[Round "?"]
[White "Vins, Karel"]
[Black "Kudr, Roman"]
[Result "0-1"]
[WhiteElo "1621"]
[BlackElo "1987"]
[PlyCount "66"]
[EventDate "2005.??.??"]
[EventType "corr"]
[EventRounds "2"]
[SourceDate "2005.10.20"]

1. d4 Nf6 2. c4 e6 3. Nc3 Bb4 4. Qc2 d6 5. Bg5 h6 6. Bd2 c5 7. e3 O-O 8. dxc5
Bxc5 9. Bd3 Bd7 10. Nf3 Bc6 11. e4 Nbd7 12. O-O Ng4 13. h3 Nge5 14. Nxe5 Nxe5
15. Kh1 Qb6 16. f3 Nxd3 17. Qxd3 Qxb2 18. Rfb1 Qa3 19. Rb3 Qa6 20. Nb5 Bxb5 21.
Rxb5 Qc6 22. Rbb1 Rad8 23. Rc1 b6 24. Qe2 d5 25. cxd5 exd5 26. exd5 Qxd5 27.
Bc3 Rfe8 28. Qb2 Qg5 29. Rf1 Qg3 30. f4 Re3 31. Be1 Qg6 32. Qc1 Qe4 33. Kh2 Re2
0-1

[Event "MCR_KT08"]
[Site "?"]
[Date "2005.??.??"]
[Round "?"]
[White "Krizek, Alex"]
[Black "Lanca, Leo"]
[Result "1-0"]
[WhiteElo "1600"]
[BlackElo "1600"]
[PlyCount "61"]
[EventDate "2005.??.??"]
[EventType "corr"]
[EventRounds "2"]
[SourceDate "2005.10.20"]

1. c4 e5 2. Nc3 Nc6 3. Nf3 Nf6 4. d3 Bc5 5. e3 Bb6 6. a3 a5 7. Be2 d6 8. O-O
O-O 9. b3 Bd7 10. Bb2 Re8 11. d4 exd4 12. Nxd4 Nxd4 13. exd4 Ne4 14. Nxe4 Rxe4
15. Bf3 Re6 16. Bxb7 Rb8 17. Bd5 Re7 18. Qf3 Qf8 19. Rfe1 Rbe8 20. Kf1 Rxe1+
21. Rxe1 Rxe1+ 22. Kxe1 Qe8+ 23. Qe3 Qxe3+ 24. fxe3 a4 25. b4 Bf5 26. Kd2 Bd7
27. c5 dxc5 28. dxc5 Ba7 29. c6 Be6 30. Bxe6 fxe6 31. Bd4 1-0

[Event "MCR_KT08"]
[Site "?"]
[Date "2005.??.??"]
[Round "?"]
[White "Pipek, Jan"]
[Black "Lanca, Leo"]
[Result "1-0"]
[WhiteElo "1600"]
[BlackElo "1600"]
[PlyCount "51"]
[EventDate "2005.??.??"]
[EventType "corr"]
[EventRounds "2"]
[SourceDate "2005.10.20"]

1. e4 c5 2. Nc3 Nc6 3. g3 d6 4. Bg2 e5 5. d3 Be6 6. f4 g6 7. Nf3 Qd7 8. O-O
O-O-O 9. fxe5 dxe5 10. Ng5 f6 11. Nxe6 Qxe6 12. Be3 c4 13. Nd5 Bg7 14. dxc4 Kb8
15. Qf3 h5 16. Bf2 g5 17. b3 g4 18. Qd3 Bh6 19. Rad1 Bg5 20. c3 h4 21. Bc5 hxg3
22. Qxg3 Bh4 23. Qd3 Nh6 24. a3 Rdg8 25. Nxf6 Bxf6 26. Qd6+ 1-0

[Event "MCR_KT08"]
[Site "?"]
[Date "2005.??.??"]
[Round "?"]
[White "Kudr, Roman"]
[Black "Krizek, Alex"]
[Result "1/2-1/2"]
[WhiteElo "1987"]
[BlackElo "1600"]
[PlyCount "107"]
[EventDate "2005.??.??"]
[EventType "corr"]
[EventRounds "2"]
[SourceDate "2005.10.20"]

1. d4 d5 2. Nf3 Nf6 3. c4 c6 4. e3 g6 5. Nc3 Bg7 6. Be2 O-O 7. O-O e6 8. b3 Re8
9. Bb2 Nbd7 10. Qc2 a6 11. Rfd1 b6 12. e4 dxe4 13. Nxe4 Nxe4 14. Qxe4 Bb7 15.
Ne5 Qc7 16. Bf3 f5 17. Qe2 Nxe5 18. dxe5 Rad8 19. c5 bxc5 20. Bc3 Kf7 21. Qe3
Bf8 22. Be2 Rxd1+ 23. Rxd1 Rd8 24. Rd2 Rxd2 25. Qxd2 c4 26. Bxc4 c5 27. Ba5 Qc8
28. f3 Bd5 29. Bxd5 exd5 30. Qxd5+ Qe6 31. Qxe6+ Kxe6 32. f4 Be7 33. Kf1 g5 34.
g3 gxf4 35. gxf4 Kd5 36. a3 Ke4 37. Bc7 Kd5 38. Ke2 Kc6 39. Ba5 Kd5 40. Kd3 Bh4
41. Bd2 Be7 42. Be1 Bd8 43. Bf2 Be7 44. Kc3 Bd8 45. b4 cxb4+ 46. axb4 Be7 47.
Kb3 h5 48. Bc5 Bd8 49. Bf8 Bb6 50. Be7 Be3 51. Bg5 Bg1 52. h3 Bf2 53. Ka4 Bb6
54. Kb3 1/2-1/2

[Event "MCR_KT08"]
[Site "?"]
[Date "2005.??.??"]
[Round "?"]
[White "Benes, Jiri"]
[Black "Vins, Karel"]
[Result "1-0"]
[WhiteElo "1699"]
[BlackElo "1621"]
[PlyCount "83"]
[EventDate "2005.??.??"]
[EventType "corr"]
[EventRounds "2"]
[SourceDate "2005.10.20"]

1. e4 e5 2. Nf3 Nc6 3. Bb5 a6 4. Ba4 Nf6 5. O-O b5 6. Bb3 d6 7. c3 Na5 8. Bc2
c5 9. d4 Qc7 10. h3 Be7 11. d5 O-O 12. Re1 h6 13. a4 Bd7 14. Nbd2 Rfe8 15. Re3
Nb7 16. c4 b4 17. b3 Bf8 18. Nf1 Nh7 19. g4 g6 20. Ng3 Nd8 21. Nh4 Kg7 22. Qf1
f6 23. f4 Nf7 24. f5 g5 25. Nh5+ Kg8 26. Ng6 Rec8 27. h4 Qd8 28. Qh3 Be8 29.
Re2 Nh8 30. hxg5 Nxg6 31. fxg6 Bxg6 32. Nxf6+ Nxf6 33. gxf6 Qxf6 34. Bxh6 Rc7
35. Rf1 Qe7 36. g5 Rd8 37. Rf6 Qh7 38. Qe6+ Bf7 39. g6 Bxe6 40. gxh7+ Rxh7 41.
Rg2+ Kh8 42. Bxf8 1-0

[Event "MCR_KT08"]
[Site "?"]
[Date "2005.??.??"]
[Round "?"]
[White "Vins, Karel"]
[Black "Pipek, Jan"]
[Result "0-1"]
[WhiteElo "1621"]
[BlackElo "1600"]
[PlyCount "64"]
[EventDate "2005.??.??"]
[EventType "corr"]
[EventRounds "2"]
[SourceDate "2005.10.20"]

1. d4 d5 2. g3 Nd7 3. f4 e6 4. Bg2 Ngf6 5. e3 Bb4+ 6. c3 Bd6 7. Nd2 c5 8. Ne2
Ng4 9. Nf3 c4 10. h3 Ngf6 11. b4 O-O 12. a3 a5 13. Bd2 Qe7 14. g4 h6 15. Ng3
Ra7 16. Qb1 b5 17. Ne5 Bb7 18. Kf2 axb4 19. axb4 Rxa1 20. Qxa1 Ra8 21. Qb1 Rd8
22. Nf3 Ra8 23. Qb2 Nb6 24. Ra1 Bc7 25. Qc2 Rxa1 26. Ne5 Bxe5 27. fxe5 Ne8 28.
Qb2 Ra4 29. Qc2 Qh4 30. Be1 Ra1 31. Qe2 Nd7 32. Kg1 Qxg3 0-1

[Event "MCR_KT08"]
[Site "?"]
[Date "2005.??.??"]
[Round "?"]
[White "Krizek, Alex"]
[Black "Benes, Jiri"]
[Result "1/2-1/2"]
[WhiteElo "1600"]
[BlackElo "1699"]
[PlyCount "41"]
[EventDate "2005.??.??"]
[EventType "corr"]
[EventRounds "2"]
[SourceDate "2005.10.20"]

1. c4 Nf6 2. Nc3 e6 3. Nf3 d5 4. e3 dxc4 5. Bxc4 c5 6. O-O Be7 7. d4 cxd4 8.
Qxd4 Bd7 9. Ne5 Nc6 10. Nxc6 Bxc6 11. Qxd8+ Rxd8 12. Bb5 Bxb5 13. Nxb5 a6 14.
Nd4 O-O 15. b3 Rd7 16. Bb2 Rfd8 17. Rac1 Ne8 18. Nf3 f6 19. Bd4 Bd6 20. g3 Bc7
21. Bc3 1/2-1/2

[Event "MCR_KT08"]
[Site "?"]
[Date "2005.??.??"]
[Round "?"]
[White "Lanca, Leo"]
[Black "Kudr, Roman"]
[Result "0-1"]
[WhiteElo "1600"]
[BlackElo "1987"]
[PlyCount "64"]
[EventDate "2005.??.??"]
[EventType "corr"]
[EventRounds "2"]
[SourceDate "2005.10.20"]

1. e4 c6 2. d4 d5 3. Nc3 dxe4 4. Nxe4 Nd7 5. Be2 Ngf6 6. Qd3 Nxe4 7. Qxe4 Nf6
8. Qd3 Qd5 9. Nf3 Bf5 10. Qb3 Qxb3 11. cxb3 e6 12. O-O Rd8 13. Bd2 Nd5 14. Rfc1
Bb4 15. Be3 Bd6 16. a3 Bf4 17. Bxf4 Nxf4 18. Re1 Nxe2+ 19. Rxe2 Bg4 20. Rd2
Bxf3 21. gxf3 Rd5 22. Rad1 Ke7 23. Rd3 Rhd8 24. b4 e5 25. b3 Rxd4 26. Rxd4 Rxd4
27. Rxd4 exd4 28. Kf1 Ke6 29. Ke2 Ke5 30. h3 Kf4 31. h4 h5 32. Kd3 g5 0-1

[Event "MCR_KT08"]
[Site "?"]
[Date "2005.??.??"]
[Round "?"]
[White "Pipek, Jan"]
[Black "Kudr, Roman"]
[Result "0-1"]
[WhiteElo "1600"]
[BlackElo "1987"]
[PlyCount "52"]
[EventDate "2005.??.??"]
[EventType "corr"]
[EventRounds "2"]
[SourceDate "2005.10.20"]

1. e4 c6 2. d4 d5 3. Nc3 dxe4 4. Nxe4 Nd7 5. Bc4 Ngf6 6. Ng5 e6 7. Qe2 Nb6 8.
Bb3 c5 9. dxc5 Bxc5 10. Bd2 a5 11. c3 O-O 12. Rd1 a4 13. Bc2 Qd5 14. Ne4 Nxe4
15. Qxe4 Qxe4+ 16. Bxe4 Rd8 17. Nf3 Nc4 18. b4 axb3 19. axb3 Nxd2 20. Nxd2 Ra2
21. Rf1 f5 22. Bb1 Rb2 23. Ke2 e5 24. b4 Bb6 25. h3 e4 26. Rg1 Be6 0-1

[Event "MCR_KT08"]
[Site "?"]
[Date "2005.??.??"]
[Round "?"]
[White "Lanca, Leo"]
[Black "Benes, Jiri"]
[Result "0-1"]
[WhiteElo "1600"]
[BlackElo "1699"]
[PlyCount "50"]
[EventDate "2005.??.??"]
[EventType "corr"]
[EventRounds "2"]
[SourceDate "2005.10.20"]

1. c4 Nf6 2. d4 e6 3. Nc3 d5 4. Bg5 Be7 5. e3 c6 6. Rc1 Nbd7 7. Bxf6 Nxf6 8.
cxd5 exd5 9. Bd3 O-O 10. Nf3 Bb4 11. O-O Bxc3 12. Rxc3 Bg4 13. h3 Bxf3 14. Qxf3
Qd6 15. Re1 Rfe8 16. Rb3 Re7 17. a3 Rd8 18. Rb4 Qc7 19. e4 dxe4 20. Bxe4 Rde8
21. Bxh7+ Nxh7 22. Rxe7 Rxe7 23. Qd1 Nf6 24. Rb3 Qf4 25. Rd3 Qh4 0-1

[Event "MCR_KT08"]
[Site "?"]
[Date "2005.??.??"]
[Round "?"]
[White "Krizek, Alex"]
[Black "Vins, Karel"]
[Result "1-0"]
[WhiteElo "1600"]
[BlackElo "1621"]
[PlyCount "53"]
[EventDate "2005.??.??"]
[EventType "corr"]
[EventRounds "2"]
[SourceDate "2005.10.20"]

1. Nf3 d5 2. g3 g6 3. Bg2 Bg7 4. O-O c6 5. d4 e6 6. Re1 Ne7 7. b4 a6 8. c3 Nd7
9. Nbd2 b5 10. e4 Nb6 11. e5 h6 12. Nb3 Kd7 13. Nc5+ Kc7 14. a4 Bb7 15. a5 Nd7
16. Nxd7 Qxd7 17. Nd2 g5 18. Nb3 Rae8 19. Bf3 Ng6 20. Bh5 Ref8 21. Nc5 Qc8 22.
Qg4 Ne7 23. Qe2 Nf5 24. Bg4 Ne7 25. Bh5 Qd8 26. Bxf7 Rxf7 27. Nxe6+ 1-0

[Event "MCR_KT08"]
[Site "?"]
[Date "2005.??.??"]
[Round "?"]
[White "Krizek, Alex"]
[Black "Pipek, Jan"]
[Result "1/2-1/2"]
[WhiteElo "1600"]
[BlackElo "1600"]
[PlyCount "53"]
[EventDate "2005.??.??"]
[EventType "corr"]
[EventRounds "2"]
[SourceDate "2005.10.20"]

1. c4 e5 2. Nc3 Nf6 3. Nf3 Nc6 4. a3 Be7 5. d4 exd4 6. Nxd4 Nxd4 7. Qxd4 O-O 8.
e4 Re8 9. Be2 Bd6 10. f4 Bf8 11. e5 Ng4 12. Bxg4 Qh4+ 13. Qf2 Qxg4 14. Nd5 Rb8
15. Nxc7 Re7 16. Nd5 Re8 17. Be3 b6 18. Qg3 Qxg3+ 19. hxg3 d6 20. exd6 Bxd6 21.
Kf2 Be6 22. Rad1 Rbd8 23. b3 Bxa3 24. Nc7 Rxd1 25. Rxd1 Bg4 26. Ra1 Rc8 27. Nd5
1/2-1/2

[Event "MCR_KT08"]
[Site "?"]
[Date "2005.??.??"]
[Round "?"]
[White "Vins, Karel"]
[Black "Lanca, Leo"]
[Result "1-0"]
[WhiteElo "1621"]
[BlackElo "1600"]
[PlyCount "87"]
[EventDate "2005.??.??"]
[EventType "corr"]
[EventRounds "2"]
[SourceDate "2005.10.20"]

1. d4 d5 2. g3 e6 3. Bg2 Nf6 4. e3 Bd7 5. Ne2 Bc6 6. O-O Bd6 7. c3 O-O 8. f4
Ne4 9. Nd2 b5 10. Nxe4 dxe4 11. b4 f5 12. a3 a5 13. Bd2 Bd5 14. Rf2 Qf6 15. h4
axb4 16. axb4 Rxa1 17. Qxa1 Qg6 18. Kh2 Bc4 19. Ng1 Nd7 20. Bf1 Rf6 21. Bxc4
bxc4 22. Qd1 Qh6 23. Nh3 Rg6 24. Rg2 Be7 25. Be1 Nf6 26. Nf2 Qh5 27. Qxh5 Nxh5
28. Kh3 Nf6 29. Nd1 Nd7 30. g4 fxg4+ 31. Rxg4 Rh6 32. Rg2 Rh5 33. Ra2 h6 34.
Rg2 Kh7 35. Nb2 Nb6 36. Nd1 g5 37. fxg5 hxg5 38. Rg4 Nd5 39. Rxe4 Rh6 40. Bg3
gxh4 41. Bxh4 Rxh4+ 42. Rxh4+ Bxh4 43. Kxh4 Kg6 44. Kg4 1-0

[Event "MCR_KT08"]
[Site "?"]
[Date "2005.??.??"]
[Round "?"]
[White "Benes, Jiri"]
[Black "Kudr, Roman"]
[Result "0-1"]
[WhiteElo "1699"]
[BlackElo "1987"]
[PlyCount "50"]
[EventDate "2005.??.??"]
[EventType "corr"]
[EventRounds "2"]
[SourceDate "2005.10.20"]

1. c4 Nf6 2. d4 e6 3. Nf3 b6 4. a3 d5 5. cxd5 exd5 6. e3 Bd6 7. Nc3 c6 8. Bd3
O-O 9. O-O Ba6 10. Bxa6 Nxa6 11. b4 Nc7 12. Qd3 Re8 13. Bb2 Ne4 14. Ne2 a5 15.
bxa5 Rxa5 16. Ra2 Qf6 17. Qc2 Qg6 18. Rc1 Qh6 19. Qxc6 Nxf2 20. Qxe8+ Nxe8 21.
Kxf2 Ra8 22. Rc3 Bxh2 23. g3 Qh3 24. Nxh2 Qxh2+ 25. Kf3 Qh1+ 0-1

[Event "MCR_KT08"]
[Site "?"]
[Date "2005.??.??"]
[Round "?"]
[White "Kudr, Roman"]
[Black "Vins, Karel"]
[Result "1-0"]
[WhiteElo "1987"]
[BlackElo "1621"]
[PlyCount "51"]
[EventDate "2005.??.??"]
[EventType "corr"]
[EventRounds "2"]
[SourceDate "2005.10.20"]

1. d4 d5 2. Nf3 Nf6 3. c4 c6 4. e3 e6 5. Nc3 Nbd7 6. Bd3 g6 7. O-O Bg7 8. Re1
O-O 9. b3 h6 10. Ba3 Re8 11. Bd6 Bf8 12. Bxf8 Rxf8 13. Qc2 Kg7 14. cxd5 cxd5
15. Rac1 a6 16. b4 b5 17. a4 bxa4 18. Nxa4 Bb7 19. Nc5 Qb6 20. Ne5 Rfd8 21. f4
Nxe5 22. fxe5 Nd7 23. Rf1 Nf8 24. Qf2 f5 25. exf6+ Kf7 26. Qh4 1-0

[Event "MCR_KT08"]
[Site "?"]
[Date "2005.??.??"]
[Round "?"]
[White "Lanca, Leo"]
[Black "Krizek, Alex"]
[Result "0-1"]
[WhiteElo "1600"]
[BlackElo "1600"]
[PlyCount "64"]
[EventDate "2005.??.??"]
[EventType "corr"]
[EventRounds "2"]
[SourceDate "2005.10.20"]

1. Nc3 Nf6 2. d4 d5 3. Nf3 c6 4. Bf4 h6 5. e3 Bg4 6. h4 e6 7. Be2 Nbd7 8. Ne5
Bxe2 9. Qxe2 Nxe5 10. dxe5 Nd7 11. O-O-O Bc5 12. Kb1 Bb4 13. Qd2 Nc5 14. Qd4
Qb6 15. Ka1 Ke7 16. a3 Bxc3 17. Qxc3 Na4 18. Qb4+ Qxb4 19. axb4 a5 20. bxa5
Rxa5 21. Kb1 Rb5 22. Kc1 Nxb2 23. Rde1 Nc4 24. Kd1 Ra8 25. e4 dxe4 26. Rxe4
Ra1+ 27. Bc1 Nxe5 28. Rhe1 Rd5+ 29. Ke2 Ra6 30. Bb2 f6 31. Kf1 Ra2 32. Rb4 b5
0-1

[Event "MCR_KT08"]
[Site "?"]
[Date "2005.??.??"]
[Round "?"]
[White "Lanca, Leo"]
[Black "Pipek, Jan"]
[Result "0-1"]
[WhiteElo "1600"]
[BlackElo "1600"]
[PlyCount "51"]
[EventDate "2005.??.??"]
[EventType "corr"]
[EventRounds "2"]
[SourceDate "2005.10.20"]

1. c4 e5 2. Nc3 Nf6 3. e4 Bc5 4. h3 d6 5. Nf3 Qe7 6. Be2 O-O 7. d3 Nc6 8. O-O
Be6 9. Bg5 Rfe8 10. Re1 Rac8 11. a3 h6 12. Bxf6 Qxf6 13. b4 Bb6 14. Na4 Bd4 15.
Nxd4 Nxd4 16. Rb1 Qg5 17. Bg4 Bxg4 18. Qxg4 Qxg4 19. hxg4 a6 20. b5 axb5 21.
cxb5 Ra8 22. Nc3 Rxa3 23. Rbc1 c6 24. bxc6 bxc6 25. Red1 Rxc3 26. Rxc3 0-1

[Event "MCR_KT08"]
[Site "?"]
[Date "2005.??.??"]
[Round "?"]
[White "Krizek, Alex"]
[Black "Kudr, Roman"]
[Result "0-1"]
[WhiteElo "1600"]
[BlackElo "1987"]
[PlyCount "78"]
[EventDate "2005.??.??"]
[EventType "corr"]
[EventRounds "2"]
[SourceDate "2005.10.20"]

1. Nf3 Nf6 2. g3 g6 3. b4 Bg7 4. Bb2 O-O 5. Bg2 d5 6. O-O c6 7. d3 Qb6 8. a3 c5
9. c3 Nc6 10. Nbd2 Rd8 11. Rb1 e5 12. Qc2 c4 13. Bc1 a6 14. Ne1 Bf5 15. Ndf3
Rac8 16. Nh4 cxd3 17. Nxd3 Nd4 18. Be3 Rxc3 19. Qxc3 Nxe2+ 20. Kh1 Nxc3 21.
Bxb6 Bxd3 22. Bxd8 Nxb1 23. Rc1 e4 24. Rc8 Nd7 25. Be7+ Nf8 26. a4 f5 27. a5 d4
28. Rd8 Bb5 29. Bxf8 Bxf8 30. Rxd4 Nc3 31. Nf3 exf3 32. Bxf3 Ne4 33. Kg1 Bc6
34. Bxe4 fxe4 35. Kf1 Bg7 36. Rd1 Kf7 37. Ke2 Ke6 38. Ke3 Bc3 39. Rb1 Kd5 0-1

[Event "MCR_KT08"]
[Site "?"]
[Date "2005.??.??"]
[Round "?"]
[White "Vins, Karel"]
[Black "Benes, Jiri"]
[Result "0-1"]
[WhiteElo "1621"]
[BlackElo "1699"]
[PlyCount "90"]
[EventDate "2005.??.??"]
[EventType "corr"]
[EventRounds "2"]
[SourceDate "2005.10.20"]

1. d4 d5 2. g3 e6 3. Bg2 Nf6 4. e3 c6 5. c3 Bd6 6. f4 Nbd7 7. Ne2 Qc7 8. Nd2 b6
9. b4 a5 10. bxa5 Rxa5 11. Bb2 Ra7 12. O-O Ba6 13. Re1 O-O 14. h3 Rfa8 15. a4
c5 16. Nf3 Ne4 17. Kh2 f6 18. Bf1 Qc6 19. Nd2 Nxd2 20. Qxd2 Bc4 21. Ng1 Bxf1
22. Rxf1 Rxa4 23. Rxa4 Rxa4 24. Bc1 Qb5 25. Rf2 Qb1 26. Qc2 Qxc2 27. Rxc2 cxd4
28. exd4 b5 29. Ne2 b4 30. cxb4 Rxb4 31. Kg2 Kf7 32. Ba3 Rb6 33. Bxd6 Rxd6 34.
Kf3 Nb6 35. Rc3 Nc4 36. Rc2 Rb6 37. Kf2 Rb2 38. Rxb2 Nxb2 39. g4 e5 40. fxe5
fxe5 41. dxe5 Ke6 42. Ke3 Kxe5 43. Kd2 d4 44. Ng3 g6 45. Kc2 Na4 0-1

[Event "MCR_KT08"]
[Site "?"]
[Date "2005.??.??"]
[Round "?"]
[White "Pipek, Jan"]
[Black "Vins, Karel"]
[Result "1/2-1/2"]
[WhiteElo "1600"]
[BlackElo "1621"]
[PlyCount "93"]
[EventDate "2005.??.??"]
[EventType "corr"]
[EventRounds "2"]
[SourceDate "2005.10.20"]

1. e4 e5 2. Nc3 Nf6 3. Bc4 Nc6 4. d3 h6 5. Nge2 Bb4 6. O-O a6 7. a3 Be7 8. Be3
d6 9. Ba2 b5 10. Qd2 Ng4 11. a4 bxa4 12. Bd5 Bb7 13. Rxa4 Qc8 14. Rfa1 Nd8 15.
Bxb7 Qxb7 16. Nd5 Nxe3 17. Nxe7 Kxe7 18. Qxe3 Ne6 19. b3 Ra7 20. Nc3 c6 21. Qg3
g5 22. Ra5 f6 23. Qe3 Rha8 24. Qd2 Nd4 25. Ne2 Nxe2+ 26. Qxe2 Kf8 27. h3 Kg7
28. Qd2 c5 29. R1a4 Qc8 30. Ra1 Rb8 31. Qe2 Rb6 32. R1a4 Qb7 33. Qe3 Rb5 34.
Rxb5 axb5 35. Rxa7 Qxa7 36. Qd2 b4 37. Kf1 Qa1+ 38. Ke2 Qa8 39. c3 bxc3 40.
Qxc3 Qb7 41. g3 Qd7 42. g4 Qf7 43. Kf3 Kg6 44. b4 cxb4 45. Qxb4 Qc7 46. d4 Kg7
47. Kg2 1/2-1/2

[Event "MCR_KT08"]
[Site "?"]
[Date "2005.??.??"]
[Round "?"]
[White "Benes, Jiri"]
[Black "Krizek, Alex"]
[Result "1/2-1/2"]
[WhiteElo "1699"]
[BlackElo "1600"]
[PlyCount "60"]
[EventDate "2005.??.??"]
[EventType "corr"]
[EventRounds "2"]
[SourceDate "2005.10.20"]

1. d4 d5 2. Nf3 g6 3. e3 Nf6 4. Be2 Bg7 5. Nbd2 O-O 6. c3 c6 7. h3 Nbd7 8. O-O
Re8 9. Re1 e5 10. dxe5 Nxe5 11. Nxe5 Rxe5 12. Nf3 Re8 13. Bd3 Ne4 14. Nd4 Bd7
15. Ne2 Qh4 16. Bxe4 Qxe4 17. Ng3 Qe5 18. Bd2 Qc7 19. Qc2 c5 20. Rad1 Be5 21.
f4 Bd6 22. b3 Be7 23. Ne2 Bf5 24. Qb2 Bf6 25. Bc1 Rad8 26. Kh2 h5 27. Ng3 Be4
28. Nxe4 dxe4 29. Rd2 Rxd2 30. Bxd2 Rd8 1/2-1/2

[Event "MCR_KT08"]
[Site "?"]
[Date "2005.??.??"]
[Round "?"]
[White "Kudr, Roman"]
[Black "Lanca, Leo"]
[Result "1-0"]
[WhiteElo "1987"]
[BlackElo "1600"]
[PlyCount "105"]
[EventDate "2005.??.??"]
[EventType "corr"]
[EventRounds "2"]
[SourceDate "2005.10.20"]

1. d4 d5 2. Nf3 Nc6 3. Bf4 e6 4. e3 Bd6 5. Bxd6 Qxd6 6. c3 Nf6 7. Bb5 O-O 8.
Nbd2 Bd7 9. O-O a6 10. Bxc6 Bxc6 11. Ne5 Nd7 12. Nxd7 Qxd7 13. Qg4 Bb5 14. Rfe1
f5 15. Qh4 Rf6 16. Nf3 Rh6 17. Qg3 Qf7 18. Ne5 Qh5 19. b3 Qh4 20. Qxh4 Rxh4 21.
c4 Be8 22. Rac1 c6 23. c5 Bf7 24. g3 Rh6 25. h4 Rf6 26. f3 h5 27. b4 Kh7 28.
Rb1 Rg8 29. a4 Be8 30. f4 g6 31. Nd3 Bd7 32. Nf2 Kh6 33. Nd1 Rb8 34. Nc3 b5 35.
axb5 cxb5 36. Ra1 Bc8 37. Rec1 Rf7 38. Nd1 Rc7 39. Nb2 Kg7 40. Nd3 Kf6 41. Ne5
Bb7 42. c6 Bc8 43. Rc5 Rb6 44. Kf2 Kg7 45. Rac1 Kf6 46. e4 fxe4 47. Rg1 Kg7 48.
g4 Kh6 49. Rc3 a5 50. bxa5 Rb8 51. gxh5 gxh5 52. Rg6+ Kh7 53. Rcg3 1-0